Statistics for Canadian cities with over 100.000 registered citizens.

Click here to take the quiz!

General Stats

  • This quiz has been taken 72 times
    (64 since last reset)
  • The average score is 27 of 50

Answer Stats

Answer% Correct
Toronto
100%
Edmonton
97%
Montreal
97%
Ottawa
93%
Calgary
90%
Halifax
87%
Quebec City
87%
Vancouver
87%
Winnipeg
85%
Hamilton
82%
Regina
79%
Saskatoon
79%
Mississauga
77%
Windsor
77%
London
72%
St. John's
67%
Thunder Bay
66%
Brampton
64%
Kingston
64%
Surrey
59%
Kelowna
57%
Kitchener
57%
Laval
57%
Oshawa
54%
Abbotsford
52%
Barrie
49%
Gatineau
49%
Richmond
49%
Richmond hill
49%
Guelph
48%
Sherbrooke
48%
Trois-Rivières
48%
Markham
44%
Vaughan
43%
Burlington
41%
Burnaby
39%
Oakville
38%
Ajax
34%
Cambridge
34%
Whitby
31%
Chatham-Kent
26%
Coquitlam
26%
St. Catharines
26%
Saguenay
25%
Longueuil
23%
Langley
21%
Greater Sudbury
20%
Lévis
20%
Terrebonne
16%
Saanich
11%

Score Distribution

Percentile by Number Answered

Percent of People with Each Score

Your Score History

You have not taken this quiz since the last reset